000 00286nam a22001217a 4500
020 _a9789356349229
082 _a510
_bOSW/M
245 _aCLASS 11, MATHEMATICS
_bCBSE QUESTION BANK
260 _aAGRA
_bOSWAAL BOOKS
300 _a400
650 _aCLASS XI, MATHEMATICS
_zU P
942 _cBK
999 _c6870
_d6870